|
|
|
|
| LEADER |
00000nab a2200000 a 4500 |
| 001 |
vtls000897663 |
| 003 |
SK-MaSNL |
| 005 |
20260304201407.0 |
| 008 |
040720e19980520xo 0 slo |
| 035 |
|
|
|a KE6686
|
| 040 |
|
|
|a KEVKJB
|b slo
|c KEVKJB
|e AACR2
|
| 041 |
0 |
|
|a slo
|
| 044 |
|
|
|a xo
|c SK
|
| 080 |
|
|
|a 784.66
|2 1981
|
| 080 |
|
|
|a 929
|2 1981
|
| 100 |
1 |
|
|a Meššová, Mariana
|4 aut
|9 1232121
|
| 245 |
1 |
0 |
|a Vašek Neckař privítal osobne všetkých divákov
|b Speváci si v dnešných časoch musia vážiť každého človeka, ktorý sa príde na nich pozrieť
|
| 300 |
|
|
|b 3 foto
|
| 590 |
|
|
|a Neckář, Václav
|b český spevák
|
| 600 |
1 |
7 |
|a Neckář, Václav,
|d 1943-
|2 KEVKJB
|9 56005
|
| 650 |
0 |
7 |
|a populárna hudba
|2 KEVKJB
|9 3428
|
| 650 |
0 |
7 |
|a koncerty
|2 KEVKJB
|9 19182
|
| 651 |
|
7 |
|a Košice (Slovensko)
|2 KEVKJB
|9 18694
|
| 651 |
|
7 |
|a KE,
|2 KEVKJB
|9 877256
|
| 651 |
|
7 |
|a KE,
|2 KEVKJB
|9 877256
|
| 655 |
|
7 |
|a periodikum
|2 snkbucl
|9 29553
|
| 700 |
1 |
0 |
|a Munka, Peter
|4 aut
|9 884832
|
| 773 |
0 |
8 |
|t Korzár
|g Roč. 1, č.81, 20.5.1998, s. 4
|
| 852 |
|
|
|a ZVYKNI
|b KIS3GCP
|
| 999 |
|
|
|c 3094773
|d 3096703
|